000 00293nam a22001457a 4500
003 SGT
082 _a658.8,KOT
100 _aKOTLER,PHILIP
245 _aMARKETING MANAGEMENT
250 _a11TH
260 _aNEW DELHI
_bPHI
_c2003
300 _a706
650 _aMARKETING
942 _2ddc
_cBK
_04
999 _c9662
_d9662